Представление документа в формате MARC21

Поле Инд. ПП Название Значение
Тип записи a
Библиографический уровень m
001 Контрольный номер RU/LIBMSTU/256320167
005 Дата корректировки 20190221102806.9
020 00 a ISBN 5-222-04254-5
c Цена, тираж 95-64
084 a Индекс другой классификации/Индекс ББК 63.3(2)-3
090 00 a Полочн. индекс 63.3(2)
x Авторский знак О-46
100 10 a Автор Озерский В. В.
245 00 a Заглавие Правители России от Рюрика до Путина
b Продолж. заглавия история в портретах
260 00 a Место издания Ростов-на-Дону
b Издательство Феникс
c Дата издания 2004
300 00 a Объем 352 с.
440 00 a Серия Страны и народы
650 _4 a Основная рубрика Государственная власть в России-История; Монархия в России, 16-20 вв.; Государственные и политические деятели СССР
653 00 a Ключевые слова Государственные деятели
a Ключевые слова Князья русские
a Ключевые слова Монархия
a Ключевые слова Политические деятели
a Ключевые слова Русское государство
a Ключевые слова Самодержавие
901 t Тип документа m
990 00 f Даты поступлений (DOS) 12.04